Champions League winning players of the 2010s - Statistics

General Stats
  • This quiz has been taken 63 times
  • The average score is 52 of 82
Answer Stats
Hint Answer % Correct
2011 Barca Lionel Messi
98%
2015 Barca Lionel Messi
98%
2014 Real Sergio Ramos
98%
2011 Barca Andrés Iniesta
96%
2015 Barca Andrés Iniesta
96%
2011 Barca Xavi
96%
2015 Barca Xavi
96%
2012 Chelsea Didier Drogba
93%
2011 Barca Gerard Piqué
93%
2015 Barca Gerard Piqué
93%
2014 Real Iker Casillas
93%
2014 Real Cristiano Ronaldo
91%
2015 Barca Luis Suárez
91%
2015 Barca Neymar
89%
2012 Chelsea Petr Cech
89%
2011 Barca Víctor Valdés
89%
2014 Real Gareth Bale
87%
2011 Barca Sergio Busquets
87%
2015 Barca Sergio Busquets
87%
2011 Barca Dani Alves
83%
2015 Barca Dani Alves
83%
2012 Chelsea Frank Lampard
83%
2014 Real Karim Benzema
83%
2014 Real Luka Modric
83%
2010 Inter Samuel Eto'o
83%
2013 Bayern Arjen Robben
80%
2011 Barca Carles Puyol
80%
2013 Bayern Franck Ribéry
80%
2013 Bayern Jérôme Boateng
80%
2013 Bayern Philipp Lahm
80%
2013 Bayern Thomas Müller
80%
2013 Bayern Manuel Neuer
78%
2015 Barca Jordi Alba
76%
2015 Barca Marc-André ter Stegen
76%
2011 Barca Javier Mascherano
74%
2015 Barca Javier Mascherano
74%
2010 Inter Diego Milito
72%
2012 Chelsea Gary Cahill
70%
2014 Real Marcelo
70%
2011 Barca Pedro
70%
2015 Barca Pedro
70%
2015 Barca Ivan Rakitic
67%
2012 Chelsea Ashley Cole
65%
2010 Inter Wesley Sneijder
65%
2013 Bayern Bastian Schweinsteiger
61%
2012 Chelsea Fernando Torres
61%
2014 Real Isco
59%
2014 Real Raphael Varane
59%
2013 Bayern David Alaba
57%
2011 Barca David Villa
54%
2010 Inter Javier Zanetti
54%
2013 Bayern Javi Martínez
54%
2014 Real Dani Carvajal
52%
2010 Inter Júlio César
52%
2012 Chelsea David Luiz
50%
2013 Bayern Mario Gómez
50%
2011 Barca Éric Abidal
48%
2012 Chelsea John Obi Mikel
46%
2010 Inter Maicon
46%
2013 Bayern Mario Mandzukic
46%
2010 Inter Walter Samuel
46%
2014 Real Ángel di Maria
41%
2010 Inter Esteban Cambiasso
41%
2014 Real Fábio Coentrao
41%
2012 Chelsea Juan Mata
41%
2010 Inter Lúcio
41%
2014 Real Sami Khedira
41%
2012 Chelsea Salomon Kalou
39%
2012 Chelsea Florent Malouda
37%
2012 Chelsea Ryan Bertrand
37%
2013 Bayern Dante
35%
2012 Chelsea José Bosingwa
35%
2014 Real Álvaro Morata
24%
2010 Inter Dejan Stankovic
24%
2010 Inter Marco Materazzi
24%
2011 Barca Seydou Keita
22%
2010 Inter Cristian Chivu
20%
2010 Inter Goran Pandev
17%
2011 Barca Ibrahim Afellay
15%
2015 Barca Jérémy Mathieu
13%
2013 Bayern Luiz Gustavo
9%
2010 Inter Sulley Muntari
9%
No matching quizzes found
Score Distribution
Percent of People with Each Score
Percentile by Number Answered
Your Score History
You have not taken this quiz